[Event "ARG-ch (Women) 71st"]
[Site "Ushuaia"]
[Date "2018.05.02"]
[Round "1"]
[White "Borda Rodas, Anapaola S"]
[Black "Suito Nakasone, Catherine"]
[Result "0-1"]
[WhiteElo "2023"]
[BlackElo "1992"]
[PlyCount "88"]
[EventDate "2018.05.02"]
[EventType "tourn"]
[EventRounds "9"]
[EventCountry "ARG"]
[SourceTitle "CBM 184 Extra"]
[Source "ChessBase"]
[SourceDate "2018.06.28"]
[SourceVersion "1"]
[SourceVersionDate "2018.06.28"]
[SourceQuality "1"]

1. e4 c5 2. Nf3 e6 3. d4 cxd4 4. Nxd4 a6 5. c4 Nf6 6. Nc3 Qc7 7. Be2 d6 8. 0-0 b6 9. f4 Nbd7 10. b4 Be7 11. Qd3 0-0 12. Bb2 Bb7 13. Rac1 Rac8 14. f5 e5 15. Nb3 Qb8 16. g4 Qa7 17. Qe3 Qa8 18. Nd2 d5 19. cxd5 Bxb4 20. Kh1 Ne8 21. a3 Bc5 22. Qg3 f6 23. Na4 Bd6 24. Rxc8 Bxc8 25. Qe3 b5 26. Nc3 Bc5 27. Qg3 Qa7 28. Nf3 Nd6 29. Rd1 Be3 30. Bc1 Bxc1 31. Rxc1 Qe3 32. Qg1 Qf4 33. Rf1 Nxe4 34. Ne1 Nxc3 35. Rxf4 Nxe2 36. Qe3 Nxf4 37. Qb3 Bb7 38. Kg1 Bxd5 39. Qc2 Nh3+ 40. Kf1 Bc4+ 41. Kg2 Nf4+ 42. Kf2 Nc5 43. h4 Rd8 44. Kg3 Rd2 0-1

[Event "ARG-ch U18 Girls"]
[Site "Villa Martelli"]
[Date "2018.02.09"]
[Round "1.2"]
[White "Asselborn Haindl, Evelyn"]
[Black "Suito Nakasone, Catherine"]
[Result "0-1"]
[WhiteElo "1284"]
[BlackElo "2014"]
[PlyCount "56"]
[EventDate "2018.02.09"]
[EventType "tourn"]
[EventRounds "7"]
[EventCountry "ARG"]
[SourceTitle "EXT 2024"]
[Source "ChessBase"]
[SourceDate "2023.10.10"]
[SourceVersion "1"]
[SourceVersionDate "2023.10.10"]
[SourceQuality "1"]

1. d4 Nf6 2. c4 g6 3. Nc3 Bg7 4. e4 d6 5. h3 0-0 6. Nf3 e5 7. d5 a5 8. Be2 Na6 9. Be3 Nd7 10. 0-0 h6 11. a3 f5 12. Qc2 f4 13. Bd2 g5 14. Na4 Nac5 15. Nxc5 Nxc5 16. Bd3 a4 17. Bb4 Nb3 18. Rad1 h5 19. Nd2 Nd4 20. Qc3 f3 21. Nxf3 Nxf3+ 22. gxf3 Bxh3 23. Rfe1 Rxf3 24. Qc2 Qd7 25. Kh2 Bg2 26. Kxg2 Qg4+ 27. Kf1 Rh3 28. f3 Qxf3+ 0-1

[Event "ARG-ch U18 Girls"]
[Site "Villa Martelli"]
[Date "2018.02.09"]
[Round "2.3"]
[White "Suito Nakasone, Catherine"]
[Black "Encina, Guadalupe"]
[Result "0-1"]
[WhiteElo "2014"]
[BlackElo "1763"]
[PlyCount "158"]
[EventDate "2018.02.09"]
[EventType "tourn"]
[EventRounds "7"]
[EventCountry "ARG"]
[SourceTitle "EXT 2024"]
[Source "ChessBase"]
[SourceDate "2023.10.10"]
[SourceVersion "1"]
[SourceVersionDate "2023.10.10"]
[SourceQuality "1"]

1. e4 c5 2. Nf3 d6 3. d4 cxd4 4. Nxd4 Nf6 5. Nc3 a6 6. Qf3 e6 7. Be2 Qc7 8. 0-0 Nc6 9. Nxc6 Qxc6 10. Re1 Be7 11. Qg3 0-0 12. Bh6 Ne8 13. Bd3 Kh8 14. Bd2 Qc7 15. Qh3 e5 16. Qf3 Nf6 17. Bg5 Bg4 18. Qg3 Qd7 19. Bxf6 gxf6 20. Nd5 Rae8 21. Qh4 Rg8 22. Nxf6 Bxf6 23. Qxf6+ Rg7 24. Re3 Re6 25. Qh4 Reg6 26. Rg3 Qe6 27. f3 Rh6 28. Qd8+ Rg8 29. Qb6 Bh5 30. Rxg8+ Kxg8 31. Qf2 Rg6 32. Kh1 Qf6 33. Rd1 Rg7 34. Bc4 Bg4 35. Bd5 Bc8 36. Rd3 Qg5 37. Qd2 Qg6 38. Rc3 Bh3 39. g4 h5 40. Qf2 hxg4 41. Rc8+ Kh7 42. Qh4+ Qh6 43. Qxh6+ Kxh6 44. Rh8+ Kg5 45. Kg1 Kf4 46. Kf2 f5 47. Rh5 fxe4 48. fxe4 g3+ 49. hxg3+ Rxg3 50. Rh4+ Bg4 51. Bxb7 Rf3+ 52. Ke1 Kg3 53. Rh6 Re3+ 54. Kd2 Re2+ 55. Kd3 Re1 56. Bd5 Bf3 57. Rxd6 Rd1+ 58. Kc4 Bxe4 59. c3 Bxd5+ 60. Rxd5 Rxd5 61. Kxd5 Kf4 62. c4 e4 63. c5 e3 64. c6 e2 65. c7 e1Q 66. Kd6 Qd2+ 67. Ke7 Qc2 68. Kd7 Qd3+ 69. Kc6 Qb5+ 70. Kd6 Qe5+ 71. Kc6 Qe8+ 72. Kb7 Qb5+ 73. Ka7 Qc6 74. a4 Qxc7+ 75. Kxa6 Qc2 76. a5 Qxb2 77. Ka7 Ke5 78. a6 Kd6 79. Ka8 Kc7 0-1

[Event "Wch U16 Girls"]
[Site "Montevideo"]
[Date "2017.09.19"]
[Round "4"]
[White "Suito Nakasone, Catherine"]
[Black "Nayberg, Simona"]
[Result "0-1"]
[WhiteElo "1946"]
[BlackElo "1749"]
[PlyCount "94"]
[EventDate "2017.09.17"]
[EventType "swiss"]
[EventRounds "11"]
[EventCountry "URU"]
[SourceTitle "CBM 180 Extra"]
[Source "ChessBase"]
[SourceDate "2017.10.06"]
[SourceVersion "1"]
[SourceVersionDate "2017.10.06"]
[SourceQuality "1"]

1. e4 Nf6 2. e5 Nd5 3. d4 d6 4. c4 Nb6 5. exd6 exd6 6. Nc3 Be7 7. Bd3 0-0 8. Nge2 Na6 9. b3 c6 10. 0-0 Nb4 11. Bb1 Re8 12. Be3 Bf6 13. Qd2 d5 14. c5 Nd7 15. a3 Na6 16. Bc2 Nc7 17. Rab1 Ne6 18. b4 b6 19. Rfd1 bxc5 20. bxc5 Qc7 21. Na2 a5 22. Ba4 Ba6 23. Nec1 Bc4 24. Nb3 Reb8 25. Qc2 Ra7 26. f4 Bxb3 27. Bxb3 Nxf4 28. Nc3 Re8 29. Qf2 Ne6 30. Bc2 Rb7 31. Rxb7 Qxb7 32. Rb1 Qa6 33. Na4 Qc4 34. Nb6 Nxb6 35. cxb6 Bxd4 36. b7 Rb8 37. Bxd4 Qxd4 38. Qxd4 Nxd4 39. Bd3 g6 40. Ba6 Ne6 41. Rb6 Nd8 42. Kf2 Kf8 43. Ke3 Ke7 44. Kf4 f6 45. Rb3 Kd6 46. Rh3 Ne6+ 47. Ke3 Nc5 0-1

[Event "ARG-ch sf 92nd"]
[Site "Buenos Aires"]
[Date "2017.07.11"]
[Round "2"]
[White "Gugliotta, Maria Julieta"]
[Black "Suito Nakasone, Catherine"]
[Result "0-1"]
[WhiteElo "1534"]
[BlackElo "1960"]
[PlyCount "48"]
[EventDate "2017.07.10"]
[EventType "swiss"]
[EventRounds "9"]
[EventCountry "ARG"]
[SourceTitle "EXT 2018"]
[Source "ChessBase"]
[SourceDate "2017.10.13"]
[SourceVersion "1"]
[SourceVersionDate "2017.10.13"]
[SourceQuality "1"]

1. d4 Nf6 2. Nf3 g6 3. Bf4 Bg7 4. e3 d6 5. Be2 0-0 6. c3 b6 7. Nbd2 Bb7 8. Qc2 Nbd7 9. 0-0 Qe8 10. Rfd1 e5 11. dxe5 dxe5 12. Bg5 h6 13. Bh4 Nc5 14. Bg3 Nfe4 15. Ne1 Nxg3 16. hxg3 Rd8 17. e4 Qe7 18. a4 a5 19. b4 axb4 20. cxb4 Ne6 21. Qb2 f5 22. exf5 e4 23. Qb3 Bxa1 24. fxe6 Bd5 0-1

[Event "ARG-ch sf 92nd"]
[Site "Buenos Aires"]
[Date "2017.07.10"]
[Round "1"]
[White "Suito Nakasone, Catherine"]
[Black "Zapata Charles, Santiago"]
[Result "0-1"]
[WhiteElo "1960"]
[BlackElo "2339"]
[PlyCount "68"]
[EventDate "2017.07.10"]
[EventType "swiss"]
[EventRounds "9"]
[EventCountry "ARG"]
[SourceTitle "EXT 2018"]
[Source "ChessBase"]
[SourceDate "2017.10.13"]
[SourceVersion "1"]
[SourceVersionDate "2017.10.13"]
[SourceQuality "1"]

1. e4 e6 2. d4 d5 3. Nc3 Bb4 4. e5 c5 5. a3 Bxc3+ 6. bxc3 Qa5 7. Bd2 Qa4 8. Nf3 b6 9. Be3 Nd7 10. Bd3 Ne7 11. 0-0 Ba6 12. Re1 Rc8 13. Bxa6 Qxa6 14. Qe2 Qa4 15. Rec1 0-0 16. h3 Rc7 17. Ra2 Nc6 18. Rb1 Rfc8 19. Qd1 Qc4 20. Rab2 Qxc3 21. Rb3 Qc4 22. dxc5 bxc5 23. Nd2 Qa6 24. Bf4 Ndxe5 25. Qh5 f6 26. Rg3 Re7 27. Re1 Qa4 28. Bxe5 Nxe5 29. Nf3 Ng6 30. Rg4 Qxc2 31. Nh4 Qd2 32. Re3 d4 33. Rf3 Ne5 34. Rxf6 Qe1+ 0-1

[Event "ARG-ch (Women) 70th"]
[Site "Buenos Aires"]
[Date "2017.06.15"]
[Round "4"]
[White "Suito Nakasone, Catherine"]
[Black "Arias, Maria Paula"]
[Result "1-0"]
[WhiteElo "1909"]
[BlackElo "1612"]
[PlyCount "59"]
[EventDate "2017.06.12"]
[EventType "swiss"]
[EventRounds "9"]
[EventCountry "ARG"]
[SourceTitle "CBM 179 Extra"]
[Source "ChessBase"]
[SourceDate "2017.08.23"]
[SourceVersion "1"]
[SourceVersionDate "2017.08.23"]
[SourceQuality "1"]

1. e4 e6 2. d4 d5 3. Nc3 Bb4 4. e5 c5 5. a3 Bxc3+ 6. bxc3 cxd4 7. cxd4 Nc6 8. f4 Nge7 9. Nf3 h6 10. Bd3 Bd7 11. 0-0 Rc8 12. Qe1 Nf5 13. c3 Na5 14. g4 Ne7 15. Nh4 Nb3 16. Rb1 Nxc1 17. Rxc1 Nc6 18. f5 Qg5 19. h3 h5 20. Nf3 Qe7 21. Qg3 hxg4 22. hxg4 Qxa3 23. Ng5 Nd8 24. fxe6 Bxe6 25. Nxe6 Nxe6 26. Bb5+ Ke7 27. Qf3 Rhf8 28. Qxd5 Rc7 29. Rcd1 Qxc3 30. Qd6# 1-0

[Event "Pan American-ch U16 Girls 27th"]
[Site "Montevideo"]
[Date "2016.07.30"]
[Round "8"]
[White "Suito Nakasone, Catherine"]
[Black "Cordova Melendez, Francisca"]
[Result "1-0"]
[WhiteElo "1844"]
[BlackElo "1246"]
[PlyCount "49"]
[EventDate "2016.07.25"]
[EventType "swiss"]
[EventRounds "9"]
[EventCountry "URU"]
[SourceTitle "EXT 2017"]
[Source "ChessBase"]
[SourceDate "2016.10.25"]
[SourceVersion "1"]
[SourceVersionDate "2016.10.25"]
[SourceQuality "1"]

1. e4 e5 2. Nf3 Nc6 3. Bc4 Be7 4. c3 Nf6 5. d3 a6 6. Nbd2 d5 7. Bb3 0-0 8. 0-0 Bg4 9. Qe2 b5 10. Re1 b4 11. h3 Bh5 12. Nf1 dxe4 13. dxe4 bxc3 14. bxc3 Bd6 15. Ng3 Bxf3 16. Qxf3 Nd7 17. Nf5 Bc5 18. Qg3 g6 19. Bh6 Re8 20. Bg5 Qc8 21. Nh6+ Kg7 22. Nxf7 Qb7 23. Bh6+ Kg8 24. Nxe5+ Kh8 25. Nxd7 1-0

[Event "ARG-ch sf"]
[Site "Vicente Lopez"]
[Date "2016.06.29"]
[Round "6"]
[White "Suito Nakasone, Catherine"]
[Black "Besso, Guadalupe"]
[Result "0-1"]
[WhiteElo "1814"]
[BlackElo "2017"]
[PlyCount "96"]
[EventDate "2016.06.25"]
[EventType "swiss"]
[EventRounds "9"]
[EventCountry "ARG"]
[SourceTitle "CBM 173 Extra"]
[Source "ChessBase"]
[SourceDate "2016.08.29"]
[SourceVersion "1"]
[SourceVersionDate "2016.08.29"]
[SourceQuality "1"]

1. e4 d5 2. exd5 Qxd5 3. Nc3 Qd6 4. d4 Nf6 5. Nf3 g6 6. h3 c6 7. Be3 Bg7 8. Qd2 0-0 9. Be2 Be6 10. Bh6 c5 11. Bf4 Qd8 12. dxc5 Qxd2+ 13. Nxd2 Nbd7 14. Be3 Rac8 15. Nb3 Nd5 16. Nxd5 Bxd5 17. 0-0-0 Bxg2 18. Rh2 Bc6 19. Na5 Nb8 20. Nxc6 Nxc6 21. Rd7 Be5 22. Rh1 Rc7 23. Rhd1 Rfc8 24. Bb5 Rxd7 25. Rxd7 Rc7 26. Rxc7 Bxc7 27. Bxc6 bxc6 28. b4 e5 29. a4 f5 30. b5 f4 31. b6 Bb8 32. Bd2 Kf7 33. f3 Ke6 34. c4 Kf5 35. Kd1 g5 36. Ba5 e4 37. Ke2 h5 38. b7 exf3+ 39. Kxf3 g4+ 40. hxg4+ hxg4+ 41. Kf2 Ke4 42. Bd8 g3+ 43. Kg1 f3 44. Bh4 Kd4 45. Bf6+ Ke3 46. Be7 Ke2 47. Bd6 f2+ 48. Kg2 f1Q+ 0-1

[Event "ARG-ch sf"]
[Site "Vicente Lopez"]
[Date "2016.06.26"]
[Round "2"]
[White "Suito Nakasone, Catherine"]
[Black "Palu, Andres"]
[Result "1/2-1/2"]
[WhiteElo "1814"]
[BlackElo "2152"]
[PlyCount "69"]
[EventDate "2016.06.25"]
[EventType "swiss"]
[EventRounds "9"]
[EventCountry "ARG"]
[SourceTitle "CBM 173 Extra"]
[Source "ChessBase"]
[SourceDate "2016.08.29"]
[SourceVersion "1"]
[SourceVersionDate "2016.08.29"]
[SourceQuality "1"]

1. e4 c5 2. Nf3 g6 3. d4 cxd4 4. Nxd4 Bg7 5. c4 Nc6 6. Be3 Nf6 7. Nc3 d6 8. Be2 Bd7 9. 0-0 0-0 10. f3 Rc8 11. Qd2 b6 12. Ncb5 Nxd4 13. Nxd4 Qc7 14. Rfd1 Rfd8 15. Rac1 Qb7 16. Bf1 Be8 17. Qf2 Nd7 18. b4 Ne5 19. Nb3 Ba4 20. c5 Bxb3 21. axb3 bxc5 22. bxc5 Qxb3 23. cxd6 Rxc1 24. Rxc1 exd6 25. Bxa7 d5 26. Qb6 Qxb6+ 27. Bxb6 Bh6 28. Bxd8 Be3+ 29. Kh1 Bxc1 30. exd5 Ba3 31. Bc7 f6 32. Bb5 Nf7 33. Kg1 Kf8 34. Kf1 Ke7 35. Ke2 1/2-1/2

[Event "ARG-ch sf"]
[Site "Vicente Lopez"]
[Date "2016.06.26"]
[Round "3"]
[White "Torres, Federico"]
[Black "Suito Nakasone, Catherine"]
[Result "1-0"]
[WhiteElo "2174"]
[BlackElo "1814"]
[PlyCount "47"]
[EventDate "2016.06.25"]
[EventType "swiss"]
[EventRounds "9"]
[EventCountry "ARG"]
[SourceTitle "CBM 173 Extra"]
[Source "ChessBase"]
[SourceDate "2016.08.29"]
[SourceVersion "1"]
[SourceVersionDate "2016.08.29"]
[SourceQuality "1"]

1. e4 e5 2. Nc3 Nc6 3. g3 Bc5 4. Bg2 a6 5. Nge2 d6 6. 0-0 Nge7 7. Nd5 0-0 8. c3 Ba7 9. h3 Be6 10. g4 Ng6 11. Ne3 Nh4 12. Bh1 Ne7 13. d4 Neg6 14. f4 exf4 15. Nxf4 Nxf4 16. Rxf4 Ng6 17. Rf1 c5 18. Nf5 Qb6 19. Kh2 Qc7 20. Qf3 Ne7 21. Nxg7 cxd4 22. Qf6 Ng6 23. Nh5 d5+ 24. Bf4 1-0

[Event "Villa Martelli zt 2.5 (Women)"]
[Site "Villa Martelli"]
[Date "2015.11.06"]
[Round "2"]
[White "Suito Nakasone, Catherine"]
[Black "Brizzi, Milagros Tatiana"]
[Result "1/2-1/2"]
[WhiteElo "1803"]
[BlackElo "2008"]
[PlyCount "127"]
[EventDate "2015.11.05"]
[EventType "swiss"]
[EventRounds "9"]
[EventCountry "ARG"]
[SourceTitle "CBM 169 Extra"]
[Source "ChessBase"]
[SourceDate "2015.12.18"]
[SourceVersion "1"]
[SourceVersionDate "2015.12.18"]
[SourceQuality "1"]

1. e4 c5 2. Nf3 e6 3. d4 cxd4 4. Nxd4 a6 5. Be2 b5 6. Bf3 Bb7 7. Nc3 Qc7 8. 0-0 Nc6 9. Kh1 Nf6 10. Nxc6 dxc6 11. a3 e5 12. Be3 Be7 13. Ne2 h5 14. h3 Ng4 15. Bd2 0-0-0 16. Ng3 Nf6 17. Qe1 Rdg8 18. Ba5 Qd7 19. Rd1 Qe6 20. Qc3 g6 21. Rfe1 Kb8 22. Rd2 c5 23. b4 c4 24. Kg1 g5 25. Bd1 h4 26. Nf5 Nxe4 27. Rxe4 Bxe4 28. Nxe7 Qxe7 29. Re2 Bb7 30. Rxe5 Qd6 31. Qe1 Rc8 32. Bg4 Rcf8 33. Re7 Qf6 34. Bc7+ Ka8 35. Ba5 Qd6 36. Bc7 Qg6 37. c3 f5 38. Bf3 Bxf3 39. gxf3 Re8 40. Qe5 Rxe7 41. Qxe7 Qe8 42. Qf6 Qc8 43. Qc6+ Qb7 44. Qf6 Rc8 45. Be5 g4 46. Qxf5 gxf3 47. Kh2 Re8 48. Qf6 Qc8 49. Qxf3+ Qb7 50. Qf6 Rg8 51. f3 Re8 52. Kg2 Qc8 53. Qd6 Rd8 54. Qh6 Kb7 55. Qf4 Rg8+ 56. Kh2 Rf8 57. Qe4+ Qc6 58. Qh7+ Ka8 59. Bd4 Qd6+ 60. Kh1 Qb8 61. Qe7 Rxf3 62. Qe4+ Qb7 63. Qe8+ Qb8 64. Qe4+ 1/2-1/2